| 000 | 00996nas a2200253Ia 4500 | ||
|---|---|---|---|
| 001 | R142/77669 | ||
| 003 | IT-RoPAU | ||
| 008 | 151124c99999999xx |||||||||||| ||und|| | ||
| 040 | _aIT-RoPAU | ||
| 040 | _cIT-RoPAU | ||
| 041 | _aFRANCESE | ||
| 100 |
_aDe Fornel Michel _gCodice Aut. SPICS: 37411 |
||
| 210 | _aRESEAUX | ||
| 222 | _aReseaux | ||
| 245 |
_aRESEAUX, N.043 (SETTEMBRE/OTTOBRE 1990) _bQu'Est-Ce Qu'Un Expert? |
||
| 250 | _a1a ed. | ||
| 260 |
_aPARIS _bCNET _c1990 |
||
| 501 |
_bPaulus - SPICS - Società San Paolo EM (non-commercial uses only) _cCopyright2015 |
||
| 300 | _a22 p. [59-80] | ||
| 362 | _aN.043 (SETTEMBRE/OTTOBRE 1990) | ||
| 500 | _aDefinizione di Esperto. Conoscenze Procedurali e Dichiarative Nell'Interazione Medica. Conoscenza Specializzata e Ordinaria. Conoscenza Procedurale Nell'Attività di Valutazione. Situazione della Diagnosi Medica. Errore di Diagnosi. Due Descrizioni Clinich | ||
| 650 |
_aCOMUNICAZIONE _vPUBBLICAZIONE PERIODICA |
||
| 942 | _cCR | ||
| 999 |
_c190978 _d190978 |
||